Dios en el sufrimiento: sobre la solidez de los argumentos de la Teodicea

Guardat en:
Dades bibliogràfiques
Autor principal: Kreiner, Armin (Autor)
Format: Llibre
Idioma:espanyol
Publicat: Barcelona Herder 2007
Edició:1a. ed
Matèries:
Etiquetes: Afegir etiqueta
Sense etiquetes, Sigues el primer a etiquetar aquest registre!

MARC

LEADER 00000cam a2200000 a 4500
001 UCE1457
003 CL-VaPUC
008 140414e20070000sp |||||||||||||||||spa|d
020 |a 9788425424632 
082 0 4 |a 214  |b KRE  |2 21 
100 0 |a Kreiner, Armin  |e author  |9 573759 
245 1 0 |a Dios en el sufrimiento: sobre la solidez de los argumentos de la Teodicea 
250 |a 1a. ed 
300 |a 541 p 
942 |c BK 
945 |d 20140414  |a dcastane 
260 |a Barcelona  |b Herder  |c 2007 
650 0 |a Teodicea  |9 315235 
650 0 |a Bien y mal   |9 311093 
650 7 |a SUFRIMIENTO  |2 CL-VaPUC  |9 323030 
583 |a last modification  |c 20150622 03:50:30  |k Rodrigo Vera 
999 |c 355238  |d 355236 
952 |0 0  |1 0  |3 erb  |4 0  |6 214_000000000000000_KRE_2007  |7 0  |8 A  |9 461791  |a BIBTEO  |b BIBTEO  |i 5067952  |o 214 KRE 2007  |p 5067952  |r 2025-01-17  |w 2019-11-23  |y BK  |z Catalogado en:20140414  |k ICR 
952 |0 0  |1 2  |3 erb  |4 0  |6 214_000000000000000_KRE_2007  |7 0  |8 A  |9 461792  |a BIBTEO  |b BIBTEO  |e Casale Rolle, Carlos Ignacio, -2014  |i 5182778  |o 214 KRE 2007  |p 5182778  |r 2019-11-23  |w 2019-11-23  |y BK  |z Catalogado en:20150605  |k ICR